Gossos de neu : de Begoña Moral, traducció: Joan Calsina de Begoña Moral, traducció: Joan Calsina
Descripción Física:
1 targeta postal : il·lustracions ; 15 x 11 cm
Colección:
Factoria IT
; 16/17
Idioma:
Catalán
MARC
| LEADER | 00000nkm a2200000 a 4500 | ||
|---|---|---|---|
| 001 | 25645 | ||
| 008 | 220525b spa||||| |||| 00| 0 cat d | ||
| 017 | |a DL B 17265-2017 | ||
| 080 | |a NBM-13-149 | ||
| 245 | |a Gossos de neu : |b de Begoña Moral, traducció: Joan Calsina | ||
| 260 | |a Barcelona : |b Institut del Teatre, |c 2017 | ||
| 300 | |a 1 targeta postal : |b il·lustracions ; |c 15 x 11 cm | ||
| 490 | |a Factoria IT ; |v 16/17 | ||
| 650 | 0 | |9 21513 |a Teatre |x Barcelona (Catalunya) |2 Arxiu | |
| 655 | 0 | |a Targetes postals |9 52685 | |
| 710 | 1 | |a Institut del Teatre (Barcelona, Catalunya) |9 52662 | |
| 942 | |2 udc |n 1 |c ARXIU | ||
| 952 | |0 0 |1 0 |4 0 |6 NBM13149 |7 1 |9 62036 |a Arxiu |b Arxiu |d 2022-05-25 |l 0 |o NBM-13-149 |p 25645 |r 2022-05-25 00:00:00 |w 2022-05-25 |y ARXIU | ||
| 999 | |c 81752 |d 81752 | ||